Bergson

Uloženo v:
Podrobná bibliografie
Hlavní autor: Chevalier, Jacques
Médium: Kniha
Jazyk:Undetermined
Vydáno: París, Francia Plon 1926
Témata:
Tagy: Přidat tag
Žádné tagy, Buďte první, kdo vytvoří štítek k tomuto záznamu!

MARC

LEADER 00000nam a2200000Ia 4500
008 170316s9999 xx 000 0 und d
090 |a 100 CH-10b 
100 |a Chevalier, Jacques 
245 |a Bergson 
260 |a París, Francia 
260 |b Plon 
260 |c 1926 
300 |a 317 páginas 
650 |a FILOSOFÍA 
999 |c 15977  |d 15977 
040 |a cru BVZT 
942 |c 15 D  |h 100 CH-10b  |2 z